000 00304nam a2200121Ia 4500
008 190216s9999||||xx |||||||||||||| ||und||
100 _aRichard Johnson A
245 0 _aHow To Trouble Shoot A Tv Receiver
260 _bDb.Taraporevala Sons &co
_c1971
300 _a154p
650 _aPhysics
942 _cBK
999 _c33066
_d33066